Bases del Estatuto del Régimen Local : proyecto de ley proyecto de ley
Descripción Física:
142 p. ; 18 cm
MARC
| LEADER | 00000nam a2200000Ia 4500 | ||
|---|---|---|---|
| 001 | 14423 | ||
| 008 | 160829s1974 xx 000 0 cat d | ||
| 080 | |a D-3-15 | ||
| 100 | |a Espanya. Cortes Generales. Congreso. Proyecto de ley de bases del estatuto del régimen local |9 20477 | ||
| 245 | |a Bases del Estatuto del Régimen Local : |b proyecto de ley | ||
| 260 | |a Madrid : |b Instituto de Estudios de Administración Local, |c 1974 | ||
| 300 | |a 142 p. ; |c 18 cm | ||
| 650 | 0 | |a Administració local |x Dret i legislació |z Espanya |9 11255 | |
| 710 | 2 | |a Instituto de Estudios de Administración Local (Espanya) |9 54775 | |
| 901 | |a Arxiu | ||
| 942 | |n 1 | ||
| 952 | |0 1 |1 0 |2 udc |4 0 |5 2 |6 D315 |7 1 |9 41555 |a Arxiu |b Arxiu |d 2016-12-01 |l 0 |o D-3-15 |p 14423 |r 2016-12-01 00:00:00 |w 2016-12-01 |y ARXIU | ||
| 999 | |c 43445 |d 43445 | ||